Основные законы механики: учебное пособие

Մատենագիտական մանրամասներ
Հիմնական հեղինակ: Иродов И. Е. Игорь Евгеньевич
Լեզու:ռուսերեն
Հրապարակվել է: Москва, Высшая школа, 1985
Հրատարակություն:3-е изд., перераб. и доп.
Խորագրեր:
Ձևաչափ: Գիրք
KOHA link:https://koha.lib.tpu.ru/cgi-bin/koha/opac-detail.pl?biblionumber=133035

MARC

LEADER 00000nam0a2200000 4500
001 133035
005 20231031135204.0
035 |a (RuTPU)RU\TPU\book\144050 
035 |a RU\TPU\book\55430 
090 |a 133035 
100 |a 20030606d1985 m y0rusy50 ca 
101 0 |a rus 
102 |a RU 
105 |a a j 001zy 
200 1 |a Основные законы механики  |e учебное пособие  |f И. Е. Иродов 
205 |a 3-е изд., перераб. и доп. 
210 |a Москва  |c Высшая школа  |d 1985 
215 |a 248 с.  |c ил. 
320 |a Предметный указатель: с. 247-248. 
451 1 |0 (RuTPU)RU\TPU\book\6399  |y 5-06-003085-7  |t Основные законы механики  |o учебное пособие  |f И. Е. Иродов  |e 4-е изд., перераб. и доп.  |c М.  |n Высшая школа  |d 1997  |p 240 с.  |a Иродов, Игорь Евгеньевич 
451 1 |0 (RuTPU)RU\TPU\book\55430  |t Основные законы механики  |o учебное пособие  |f И. Е. Иродов  |e 2-е изд., перераб.  |c М.  |n Высшая школа  |d 1978  |p 240 с.  |a Иродов, Игорь Евгеньевич 
610 1 |a физика 
610 1 |a механика 
610 1 |a законы 
610 1 |a кинематика 
610 1 |a динамика 
610 1 |a законы сохранения 
610 1 |a импульсы 
610 1 |a энергия 
610 1 |a релятивистская механика 
610 1 |a релятивистская динамика 
610 1 |a учебные пособия 
675 |a 531(075.8)  |v 3 
700 1 |a Иродов  |b И. Е.  |g Игорь Евгеньевич 
801 1 |a RU  |b 63413507  |c 20080312  |g PSBO 
801 2 |a RU  |b 63413507  |c 20200828  |g PSBO 
942 |c BK